logo

Bir Sreshtho Munshi Abdur Rouf Library
Jhenaidah Cadet College

Colloquium on Accountability of Sexual Violence Crimes and Experiences of the International Tribunals / (Record no. 13470)

MARC details
000 -LEADER
fixed length control field 00778nam a2200229 a 4500
001 - CONTROL NUMBER
JCCL Control Number 13470
003 - CONTROL NUMBER IDENTIFIER
JCCL marc code BD-JhCC
005 - DATE AND TIME OF LATEST TRANSACTION
control field 20231008115237.0
008 - FIXED-LENGTH DATA ELEMENTS--GENERAL INFORMATION
fixed length control field 231005b2012 bg |||| ||a| 000 0 eng d
035 ## - SYSTEM CONTROL NUMBER
system control number (BD-JhCC)13470
040 ## - CATALOGING SOURCE
Original cataloging agency BD-JhCC
Modifying agency BD-JhCC
041 ## - LANGUAGE CODE
Language code of Book English
082 ## - DEWEY DECIMAL CLASSIFICATION NUMBER
Classification number 813.54
Author mark and Year HOQ 2012
100 ## - MAIN ENTRY--PERSONAL NAME
Personal name Hoque,Mofidul
245 ## - TITLE STATEMENT
Title Colloquium on Accountability of Sexual Violence Crimes and Experiences of the International Tribunals /
Statement of responsibility, etc Mofidul Hoque.
260 ## - PUBLICATION, DISTRIBUTION, ETC. (IMPRINT)
Place of publication, distribution, etc Dhaka:
Name of publisher, distributor, etc Liberation War Museum;
Date of publication, distribution, etc 2012.
300 ## - PHYSICAL DESCRIPTION
Pagination 112 p. :
Dimensions 22 cm.
650 ## - SUBJECT ADDED ENTRY--TOPICAL TERM
Topical term or geographic name as entry element Sex crimes
Geographic subdivision War crimes
Form subdivision Bangladesh
General subdivision Reparation (Criminal justice)
Chronological subdivision International Crimes Tribunal of Bangladesh
651 ## - SUBJECT ADDED ENTRY--GEOGRAPHIC NAME
Geographic name Women--Crimes against--Law and legislation
942 ## - ADDED ENTRY ELEMENTS (KOHA)
Source of classification or shelving scheme Dewey Decimal Classification
Koha item type Books
Holdings
Source of classification or shelving scheme Damaged status Not for loan Home library Current library Shelving location Date of accession Source of acquisition Cost, normal purchase price Total Checkouts Full call number Barcode Date last seen Copy number Method of acquisition Koha item type Currency
Dewey Decimal Classification     JCC Rouf Library JCC Rouf Library General Stacks 10/07/2023 Maj Faisal 100.00   813.54 HOQ 2012 18433 10/08/2023 C-1 Gift/Donation Books BDT

JCC Library | Contacts | JCC Home

Last Update on 23 September 2017
Copyright @ 2017-2020 JCC Rouf Library
Rouf Library, Jhenidah Cadet College (JCC), Bangladesh